000
00286nam a2200121 a 4500
008
101021s1977|||| d
100
1
_a
Kuncewiczowa, Maria
245
1
0
_a
Prímerie s dieťaťom
041
_a
slo
260
_b
Tatran
_a
Bratislava
_c
1977
020
_c
13
044
_a
xo
_c
SK
999
_c
11941
_d
11941